| 000 | 00346nam a2200097Ia 4500 | ||
|---|---|---|---|
| 008 | 220120s9999||||xx |||||||||||||| ||und|| | ||
| 100 |
_aChandrakumar P and others _912600 |
||
| 245 | 0 | _aNext generation auto theft prevention system using mems acce | |
| 260 |
_aCoorg Institute of Technology _bPonnampet _c2003 |
||
| 650 | _aELECTRONICS AND COMMUNICATIONS | ||
| 999 |
_c138198 _d138198 |
||